Countries of Africa by Population - Statistics

General Stats
  • This quiz has been taken 142 times
  • The average score is 31 of 54
Answer Stats
Rank Population Country % Correct
1 214 mil Nigeria
100%
4 94.1 mil DR Congo
94%
3 105 mil Egypt
94%
2 119 mil Ethiopia
93%
5 62.5 mil Tanzania
89%
6 60.5 mil South Africa
88%
7 55.7 mil Kenya
84%
9 45.5 mil Sudan
84%
8 48.1 mil Uganda
83%
10 45.1 mil Algeria
82%
11 38.2 mil Morocco
82%
12 34.5 mil Angola
77%
14 32.1 mil Ghana
74%
13 32.7 mil Mozambique
70%
15 28.8 mil Madagascar
67%
20 21.2 mil Mali
65%
16 27.6 mil Cameroon
63%
18 25.6 mil Niger
63%
17 27.4 mil Côte d'Ivoire
62%
21 19.9 mil Malawi
60%
19 21.8 mil Burkina Faso
57%
22 19.2 mil Zambia
56%
52 565 K Cabo Verde
55%
51 900 K Comoros
55%
24 17.2 mil Chad
54%
54 99.3 K Seychelles
54%
50 1.01 mil Djibouti
52%
53 225 K São Tomé and Príncipe
51%
27 13.7 mil Guinea
50%
28 13.4 mil Rwanda
50%
23 17.4 mil Senegal
50%
48 1.27 mil Mauritius
49%
31 12.0 mil Tunisia
49%
25 16.6 mil Somalia
48%
32 11.4 mil South Sudan
48%
30 12.4 mil Burundi
46%
35 7.02 mil Libya
46%
26 15.2 mil Zimbabwe
46%
29 12.6 mil Benin
45%
33 8.59 mil Togo
45%
49 1.18 mil Eswatini
44%
45 2.17 mil Lesotho
43%
41 2.61 mil Namibia
43%
47 1.48 mil Equatorial Guinea
41%
38 4.96 mil Central African Republic
40%
42 2.52 mil Gambia
40%
43 2.42 mil Botswana
39%
39 4.85 mil Mauritania
38%
37 5.25 mil Liberia
37%
34 8.24 mil Sierra Leone
37%
40 3.62 mil Eritrea
35%
44 2.31 mil Gabon
35%
36 5.74 mil Republic of the Congo
35%
46 2.04 mil Guinea-Bissau
34%
No matching quizzes found
Score Distribution
Percent of People with Each Score
Percentile by Number Answered
Your Score History
You have not taken this quiz